| 000 | 00384nam a2200145Ia 4500 | ||
|---|---|---|---|
| 008 | 230917s9999||||xx |||||||||||||| ||und|| | ||
| 040 |
_e41597 _aMAIN |
||
| 041 | _aEnglish | ||
| 082 | _a809.3 S96N | ||
| 100 | _aSeymour- Smith, Martin, ed | ||
| 245 | 0 | _aNovels and novelists: a guide to the world of fiction | |
| 260 |
_aLondon _bW H Smith _c1980 |
||
| 300 | _a288 p. | ||
| 942 | _cBK | ||
| 999 |
_c228316 _d228316 |
||